Perks and parachutes [ negotiating your executive employment contract

Bibliographic Details
Main Author: Tarrant, John
Format: Book
Published: New York : Simon & Schuster , 1986
Subjects:

MARC

LEADER 00000cam a2200000 7i4500
001 0000001415
002 000001555
005 20021108.0
020 |a 067160516X 
090 0 0 |a 331.891   |b TAR 
100 1 |a Tarrant, John 
245 1 0 |a Perks and parachutes [  |h sound recording] :   |b negotiating your executive employment contract   |c John Tarrant 
260 |a New York :   |b Simon & Schuster ,   |c 1986 
300 |a 1 sound cassette [60 minutes] 
650 0 0 |a Deals   |x Negotiation 
999 |a 00021   |b KASET   |c KOLEKSI AUDIO VIDEO   |e PERPUSTAKAAN KOMUNITI PETALING JAYA